00537nam a2200169Ia 4500008004000000020001800040082001300058100002000071245002500091260005500116300001100171650001200182690001800194906001100212999001700223952012700240210210b1983 xxu||||| |||| 00| 0 eng d a0 675 20047 4 a428 NEMW aNEMAN (Beth S). aWriting effectively. aLondonbCharles E Merrill Publishing companyc1983 axi,596 aWriting aEnglish Usage a039730 c89881d89881 001040708EnglishaALbALcEnglish Languaged2021-02-17g90.00l0o428 NEMWp039730r2021-02-17 00:00:00w2021-02-17yBK